Statistics for Countries By Hints #2

Click here to take the quiz!

General Stats

  • This quiz has been taken 20 times
    (19 since last reset)
  • The average score is 4 of 6

Answer Stats

HintAnswer% Correct
Country with most land area in Asia and most populatedChina
100%
An oil Based country largest in middle eastSaudi Arabia
95%
Relatively large country in south-asia,.Culturally very diverse with a huge population.India
89%
Country with most land area in AmericasUnited States
74%
No more with those idiot mosquitoesIceland
58%
Largest uranium depositsKazakhstan
16%

Score Distribution

Percentile by Number Answered

Percent of People with Each Score

Your Score History

You have not taken this quiz since the last reset